000 01872nam0a2200349 4500
001 RU\NLR\bibl\1729427
005 20241119191441.0
020 _aRU
_b00-18084
_9Летопись авторефератов диссертаций
021 _aRU
_b2010-18084а
_9724аа
035 _a(NLR Aleph) 001720387
090 _a1336013
_c1336013
100 _a20101012d2010 u u0rusy50 ca
101 0 _arus
102 _aRU
105 _aa dm |||||
200 1 _aСовершенствование системы государственного регулирования региональной агроэкономики
_e(по материалам Краснодарского края)
_eавтореферат диссертации на соискание ученой степени кандидата экономических наук
_eспециальность 08.00.05 <Экономика и управление народным хозяйством по отраслям и сферам деятельности>
_fХатуов Джамбулат Хизирович
_g[Кубан. гос. аграр. ун-т]
210 _aКраснодар
_d2010
215 _a22, [1] с.
_cил.
_d21
320 _aБиблиогр.: с. 21-23 (12 назв.)
610 0 _aКраснодарский край, экон. науки
675 _a338(470+571)
_v3
_zrus
686 _a06.75
_2rugasnti
686 _a65.9(2Рос)
_2rubbk
686 _a08.00.05
_2oksvnk
700 1 _aХатуов
_bД. Х.
_gДжамбулат Хизирович
_4070
801 0 _aRU
_bRKP
_c20101012
_gPSBO
801 1 _aRU
_bRKP
_c20101012
801 2 _aRU
_bNLR
_c20110131
_grcr
901 _eАвторефераты
942 _cBOOK
981 1 0 _a(10) Авторефераты